Responses for Show #8403 - Wednesday, May 19, 2021

2021 Tournament of Champions quarterfinal game 3.

Contestants

[<< previous game]

Ryan Hemmel, a legal technology professional from Los Angeles, California

Paul Trifiletti, an attorney from Athens, Georgia

Jennifer Quail, a wine tasting consultant from Dowagiac, Michigan

[next game >>]

Jeopardy! Round responses

THE SOUTHERN HEMISPHERE
HERBS
UNDER THE USA
NFL TEAMS IN SPANISH
BETWEEN HELL & HIGH...
(Buzzy: Each correct response is gonna be between those two words in the dictionary.)
WATER
    $200 30
the emperor penguin

Paul
    $200 8
garlic

Jennifer
    $200 24
Boston

Jennifer
    $200 16
the Giants

Paul
    $200 29
helplessness

Triple Stumper
    $200 1
bonds

Paul
    $400 20
the Tropic of Capricorn

Paul
    $400 9
hops

Paul
    $400 3
Vault

Ryan
    $400 15
the Bears

Ryan
    $400 26
a helm

Jennifer
    $400 7
the Moon

Jennifer
    $600 19
the Indian Ocean

Ryan
    $600 10
menthol

Paul
    $600 23
Florida

Paul
    $600 14
the 49ers

Ryan
    $600 6
helter-skelter

Jennifer
    $1,500 12
osmosis

Jennifer
    $800 11
tattoos

Jennifer
    $800 13
fennel

Ryan
    $800 22
catacombs

Paul
    $800 5
(Buzzy: Now's the time for that.)

the Eagles

Jennifer
    $800 27
hibachi

Ryan
    $800 18
(Jennifer: What is uranium?)

hydrogen

JenniferPaul
    $1000 2
the Great Rift

Jennifer
    $1000 25
(Jennifer: What is strychnine?)
(Paul: What is riacin?)

ricin

JenniferPaul
Triple Stumper
    $1000 21
(Paul: What is resort?)

Bunker

Paul
Triple Stumper
    $1000 4
(Ryan: Ooh, who are the Eagles?)

the Ravens

Ryan
Triple Stumper
    $1000 28
Hellenistic

Ryan
    $1000 17
viscosity

Jennifer

Scores at the first commercial break (after clue 15):

Jennifer Paul Ryan
$5,300 $1,200 $1,200

Scores at the end of the Jeopardy! Round:

Jennifer Paul Ryan
$5,100 $2,200 $3,600

Double Jeopardy! Round responses

NAMES OF WORLD WAR II
ETYMOLOGY
LITERARY ANTAGONISTS
-OLA
AWARDS & HONORS
MANE'S THE SAME
(Buzzy: You'll name the type of animal.)
    $400 22
(Charles) de Gaulle

Paul
    $400 24
(Buzzy: Both acceptable pronunciations.)

apertif (aperitif)

Jennifer
    $400 13
The Handmaid's Tale

Triple Stumper
    $400 23
Coca-Cola

Jennifer
    $400 29
Lenin

Paul
    $400 30
(Buzzy: The Viggo Mortensen and the Kentucky Derby winner.)

horses

Jennifer
    $800 21
Vidkun Quisling

Jennifer
    $800 17
a balcony

Triple Stumper
    $800 12
The Giving Tree

Jennifer
    $800 28
Angola

Jennifer
    $800 16
the Darwin Award

Paul
    $800 11
(Buzzy: Pooh's pal and the Narnia character.)

donkeys

Ryan
    $1200 1
(Raoul) Wallenberg

Ryan
    $1200 18
a mutant

Jennifer
    $1200 5
(Buzzy: That is [*] from Oliver Twist.)

Bill Sikes

Triple Stumper
    $1200 25
Osceola

Ryan
    $1200 7
the NHL

Jennifer
    $1200 8
(Buzzy: Francis the Talking [*] and the former West Point mascot.)

mules

Jennifer
    $4,800 2
Oppenheimer

Ryan
    $1600 19
a banshee

Jennifer
    $3,000 3
(Ryan: What is... I don't know.)
(Buzzy: What is [*] by Umberto Eco?)

The Name of the Rose

Ryan
    $1600 26
(Émile) Zola

Ryan
    $1600 14
Salman Rushdie

Triple Stumper
    $1600 9
(Buzzy: Marty from Madagascar and the San Diego Zoo's Robert.)

zebras

Triple Stumper
    $2000 6
Jimmy Doolittle

Jennifer
    $2000 20
a bathysphere

Jennifer
    $2000 4
Red Dragon

Jennifer
    $2000 27
Savonarola

Paul
    $2000 15
(Jennifer: What is Medal of Honor?)

the Legion of Honor

Jennifer
Triple Stumper
    $2000 10
two lions

Triple Stumper

Scores at the end of the Double Jeopardy! Round:

Jennifer Paul Ryan
$17,900 $5,800 $10,200

Final Jeopardy! Round responses

MIDDLE EASTERN GEOGRAPHY
(Buzzy: The six countries are Djibouti, Egypt, Eritrea, Saudi Arabia, Sudan and [*].)
PaulWhat is Yemen? Saudia Arabia
$5,700
RyanWhat is Yemen?
$1,400
JenniferWhat is Yemen?
$2,750
Yemen

Final scores:

Jennifer Paul Ryan
$20,650 $100 $11,600
Automatic semifinalist 3rd place: $5,000 if eliminated 2nd place: $5,000 if eliminated

Game dynamics:

Coryat scores:

Jennifer Paul Ryan
$17,000 $5,800 $10,000
23 R
(including 1 DD),
3 W
13 R,
2 W
12 R
(including 1 DD),
2 W
(including 1 DD)

Combined Coryat: $32,800

[game clues] [game scores] [suggest correction]

Game tape date: 2021-04-13
The J! Archive is created by fans, for fans. Scraping, republication, monetization, and malicious use prohibited; this site may use cookies and collect identifying information. See terms. The Jeopardy! game show and all elements thereof, including but not limited to copyright and trademark thereto, are the property of Jeopardy Productions, Inc. and are protected under law. This website is not affiliated with, sponsored by, or operated by Jeopardy Productions, Inc. Join the discussion at JBoard.tv.